Normal view
MARC view
- جيفيز، مالكولم ، ترجمة الجصاني، ضياء ؛ مراجعة الحمداني، موفق
Entry Personal Name
001 - CONTROL NUMBER
- control field: 39633
003 - CONTROL NUMBER IDENTIFIER
- control field: JO-AjAnu
005 - DATE AND TIME OF LATEST TRANSACTION
- control field: 20230606080605.0
008 - FIXED-LENGTH DATA ELEMENTS
- fixed length control field: 230606|| aca||aabn | a|a d
040 ## - CATALOGING SOURCE
- Original cataloging agency: JO-AjAnu
- Transcribing agency: JO-AjAnu
100 ## - HEADING--PERSONAL NAME
- Personal name: جيفيز، مالكولم ، ترجمة الجصاني، ضياء ؛ مراجعة الحمداني، موفق
670 ## - SOURCE DATA FOUND
- Source citation: Work cat.: (JO-AjAnu)20323: جيفيز، مالكولم ، ترجمة الجصاني، ضياء ؛ مراجعة الحمداني، موفق , author, علم النفس التجريبي